| 000 | 00483nam a2200181 i 4500 | ||
|---|---|---|---|
| 001 | 135097 | ||
| 003 | ES-MaACL | ||
| 005 | 20230906194814.0 | ||
| 007 | t| | ||
| 008 | 070709s1910 fr ||||1| fre d | ||
| 100 | 1 |
_aThomas, Joseph. _9110028 |
|
| 245 | 1 | 3 |
_aLe cancer / _cJoseph Thomas ; préface du Albert Robin. |
| 250 | _a2ª ed. | ||
| 260 |
_aParis : _bA. Maloine, _c1910. |
||
| 300 |
_a736 p. ; _c25 cm. |
||
| 700 | 1 |
_aRobín, Albert. _997867 |
|
| 852 |
_aES-MaACL _jB-11563 |
||
| 999 |
_c135097 _d135097 |
||